000 00523nam a2200181Ia 4500
003 OSt
005 20250901110924.0
020 _a9966-846-06-8
040 _cLC
050 _aBJ 37 .0 78 1990
_b1
100 _aORUKA,H.O.
245 0 _aETHICS:A BASIC COURSE FOR UNDERGRADUATE STUDIES
260 _aNAIROBI,
_bNAIROBI UNIVERSITY PRESS,
_c1990,
300 _aiV, 149 P, ILL
500 _aINCLUDES BIBLIOGRAPHICAL REFERENCES AND INDEX
650 _a Ethics Morale, Social ethics, ethics (philosophy)
942 _cBK
_2lcc
_n0
999 _c66739
_d66739